Countries with the most tornadoes - Statistics

General Stats
  • This quiz has been taken 229 times
  • The average score is 7 of 10
Answer Stats
# of Tornadoes Answer % Correct
1,000 United States
99%
62 Canada
92%
34 United Kingdom
81%
14 India
76%
16 Australia
73%
20 Japan
60%
9 Argentina
55%
12 Bangladesh
49%
11 South Africa
43%
20 New Zealand
42%
No matching quizzes found
Score Distribution
Percent of People with Each Score
Percentile by Number Answered
Your Score History
You have not taken this quiz